000 00861nam a22002177a 4500
003 MX-MxUPN
005 20260512154657.0
008 260512s1998 fr| ||||r|||| 000 0 eng d
040 _aMX-MxUPN
_bspa
041 1 _aeng
_afre
050 4 _aJZ5584 A3
_bC66 1998
245 1 0 _aCommunications for peace-building :
_bconceptual framework and strategy = Communication pour la paix : cadre conceptuel et stratégie
260 _aParis :
_bUnesco,
_c1998
300 _a32, 32 páginas
490 0 _aPeace building, conflict resolution and national reconciliation ;
_vComponent 1c
500 _aA la cabeza de la portada: "US System-wide special initiative on Africa".
650 4 _aConstrucción de la paz
_zÁfrica
_924245
710 2 _aUnited Nations Special Initiative for Africa
_959496
_eedición
902 _aVíctorGodínez/120526
942 _2lcc
_cFOLL
999 _c215068
_d215068